000 00233nam a2200085Ia 4500
008 220204s9999 xx 000 0 und d
245 0 _aPotash Research Institute of India Annual Report 1986-87
260 _aHaryana
_c1986-87
942 _cBK
999 _c43603
_d43603